000 00736na a2200217 4500
001 18300
003 MIRAKIL
005 20181213154957.0
008 161116b tu 000 0
040 _aMilas
_btur
_cTR-AnCHP
041 _atur
082 _a320.0956422
_bA22 2013
090 _a320.0956422 A22 2013
245 _aAdana Büyükşehir Belediyesi başkanı algısı, potansiyel isimler, siyasi tercihler ve gündem araştırması
_cZ Grafik Danışmanlık Eğitim Organizasyon
260 _a[y.y.]
_b[Adana]
_c2013
300 _a92 s.
_btbl.; grf.
_c30 sm.
650 _aKamuoyu yoklaması
_zAdana
651 _aAdana
_xSiyaset
_yAraştırmalar
710 _aZ Grafik Danışmanlık Eğitim Organizasyon
942 _2ddc
_cBKS
999 _c4226
_d4226